Estratificación y movilidad social en Guatemala /
En este artículo se conjugan dos elementos trascendentales de la estructura social de un país: la estratificación y la movilidad social. Con el fin de conocer la magnitud de estos fenómenos, en este estudio se realizan estimaciones sobre movilidad educativa y ocupacional en Guatemala, así como respe...
Saved in:
| Main Author: | |
|---|---|
| Format: | Text |
| Subjects: | |
| Tags: |
Add Tag
No Tags, Be the first to tag this record!
|
MARC
| LEADER | 00000 a a2200000 04500 | ||
|---|---|---|---|
| 001 | 45224 | ||
| 003 | |||
| 040 | |||
| 090 | |a REV0877 (107) 2012 | ||
| 100 | |a Díaz, Guillermo | ||
| 245 | |a Estratificación y movilidad social en Guatemala / |c Guillermo Díaz | ||
| 520 | |a En este artículo se conjugan dos elementos trascendentales de la estructura social de un país: la estratificación y la movilidad social. Con el fin de conocer la magnitud de estos fenómenos, en este estudio se realizan estimaciones sobre movilidad educativa y ocupacional en Guatemala, así como respecto de sus diferencias en función de sexo, edad y grupo étnico. Los resultados indican que Guatemala tiene una estructura social muy jerárquica, así como una baja movilidad educativa y ocupacional. | ||
| 590 | |a RRH/OCTUBRE2013 | ||
| 650 | |a CLASES SOCIALES | ||
| 650 | |a MOVILIDAD SOCIAL | ||
| 650 | |a EMPLEO | ||
| 650 | |a EDUCACION | ||
| 650 | |a IGUALDAD DE OPORTUNIDADES | ||
| 650 | |a MUJERES | ||
| 650 | |a GUATEMALA | ||
| 650 | |a POBLACION INDIGENA | ||
| 650 | |a GUATEMALA | ||
| 773 | |g número107 (Julio, 2012), páginas 31-49 | ||
| 999 | |c 29535 |d 29535 | ||
